000 00599nam a2200193Ia 4500
999 _c1462
_d1462
020 _a81-7033-125-5
082 _a305.800954 JAI-;
100 _aJain, Prakash Chandra
245 0 _aSocial movements among tribals: a sociological analysis of bhils of Rajasthan
260 _aNew Delhi
_bRawat Publications
_c1991
300 _ax, 166p.
504 _aIncludes bibliography, Index
650 _aSocial movements - Rajasthan
650 _aBhil (Indic people) - Rajasthan
650 _aEthnology - Rajasthan
650 _aSocial conflict - Rajasthan
650 _aTribes - Rajasthan
942 _cBK